4301-熊本電気鉄道の駅 - Statistics

General Stats
  • This quiz has been taken 51 times
  • The average score is 13 of 19
Answer Stats
本線 % Correct
上熊本
97%
藤崎宮前
94%
北熊本
92%
北熊本
92%
御代志
86%
韓々坂
83%
八景水谷
69%
池田
67%
熊本高専前
64%
新須屋
61%
須屋
61%
再春医療センター前
61%
黒髪町
61%
打越
56%
三ツ石
56%
坪井川公園
53%
亀井
50%
堀川
50%
黒石
50%
No matching quizzes found
Score Distribution
Percent of People with Each Score
Percentile by Number Answered
Your Score History
You have not taken this quiz